| 000 | 00517nam a22001697a 4500 | ||
|---|---|---|---|
| 005 | 20250703120737.0 | ||
| 008 | 250703b |||||||| |||| 00| 0 eng d | ||
| 020 | _a978-93-82901-7 | ||
| 041 | _aeng | ||
| 082 |
_a294.5360954 _bCHAK |
||
| 100 | _aChaturvedi, Sanjay | ||
| 245 | _aKumbh Aastha Ka Prateek/Sanjay Chaturvedi | ||
| 260 |
_aDelhi: _bGyan Ganga, _c2019 |
||
| 300 | _a182p. | ||
| 880 |
_6245 _aकुंभ आस्था का प्रतीक/संजय चतुर्वेदी |
||
| 942 | _cBK | ||
| 999 |
_c27941 _d27941 |
||